Relocating womens equality (Record no. 120863)
[ view plain ]
| 000 -LEADER | |
|---|---|
| fixed length control field | 00516nam a2200205Ia 4500 |
| 008 - FIXED-LENGTH DATA ELEMENTS--GENERAL INFORMATION | |
| fixed length control field | 210210b2015 xxu||||| |||| 00| 0 eng d |
| 020 ## - INTERNATIONAL STANDARD BOOK NUMBER | |
| International Standard Book Number | 9788131607428 |
| 041 ## - LANGUAGE CODE | |
| Language code of text/sound track or separate title | eng |
| 082 ## - DEWEY DECIMAL CLASSIFICATION NUMBER | |
| Classification number | 362.83 KUMR |
| 100 ## - MAIN ENTRY--PERSONAL NAME | |
| Personal name | KUMAR (Pankaj) |
| 245 ## - TITLE STATEMENT | |
| Title | Relocating womens equality |
| 260 ## - PUBLICATION, DISTRIBUTION, ETC. | |
| Place of publication, distribution, etc. | Jaipur |
| Name of publisher, distributor, etc. | Rawat Publications |
| Date of publication, distribution, etc. | 2015 |
| 300 ## - PHYSICAL DESCRIPTION | |
| Extent | x,318 |
| 650 ## - SUBJECT ADDED ENTRY--TOPICAL TERM | |
| Topical term or geographic name entry element | womens |
| 650 ## - SUBJECT ADDED ENTRY--TOPICAL TERM | |
| Topical term or geographic name entry element | Relocating |
| 650 ## - SUBJECT ADDED ENTRY--TOPICAL TERM | |
| Topical term or geographic name entry element | equality |
| 690 ## - LOCAL SUBJECT ADDED ENTRY--TOPICAL TERM (OCLC, RLIN) | |
| Topical term or geographic name as entry element | Social Welfare Problems & Services |
| 700 ## - ADDED ENTRY--PERSONAL NAME | |
| Personal name | GUPTA (Sadhna) Eds |
| 906 ## - LOCAL DATA ELEMENT F, LDF (RLIN) | |
| a | 071351 |
| Withdrawn status | Lost status | Source of classification or shelving scheme | Damaged status | Not for loan | Collection code | Home library | Current library | Date acquired | Source of acquisition | Cost, normal purchase price | Total Checkouts | Full call number | Barcode | Date last seen | Price effective from | Koha item type |
|---|---|---|---|---|---|---|---|---|---|---|---|---|---|---|---|---|
| Dewey Decimal Classification | Human Rights | St Aloysius Library | St Aloysius Library | 02/17/2021 | Biblios Book Point, Surathkal-575014 | 995.00 | 362.83 KUMR | 071351 | 02/17/2021 | 02/17/2021 | Book |